000 00676nam a2200229Ia 4500
005 20260429112142.0
008 260429s9999||||xx |||||||||||||| ||und||
020 _a9781032487953
041 _aEnglish
082 _a910.684
_bCOR
100 _aCorreia, Antónia
245 0 _aInternational case studies in innovation and entrepreneurship in tourism /
_cAntónia Correia
250 _a1st ed.
260 _aLondon :
_bRoutledge,
_c2024.
300 _axix, 217 p.; pbk
440 _aRoutledge internaltional case studies in tourism
650 _a Tourism
650 _aEntrepreneurship
700 _a Lopes, Jose Dias
700 _a Portugal, Miguel
942 _cTB
999 _c52612
_d52612